000 00643nam a2200241Ia 4500
003 OSt
005 20220925221754.0
006 a|||||r|||| 00| 0
007 ta
008 220923b |||||||| |||| 00| 0 eng d
037 _cGeneral Book
040 _aRTL
_cRTL
_beng
041 _2eng
_aeng
082 _aX9:8, F8
100 _aRobertson D H
_9126990
245 0 _aControl of industry
260 _aLondon
_bNisbet UK
_c1928
300 _axiv, 169p.
_ccm.
490 _aCambridge Economic Handbooks. 14
650 _aManagement
_930681
942 _hX9:8, F8
_cGB
_2CC
999 _c575306
_d575306